000 00418nam a22001697a 4500
005 20160523165326.0
008 160523b xxu||||| |||| 00| 0 eng d
020 _a81-7808-595-X
041 _aeng
082 _b4452
100 _aSubramanian, Mani
_91091
245 _aNetwork Management
260 _aNew Delhi
_bAcademic Faundation
_c2005
300 _a597
650 _aInformation Technology
_9137
942 _cBK
999 _c1483
_d1483